| 000 | 00462nam a2200181Ia 4500 | ||
|---|---|---|---|
| 001 | 7310 | ||
| 005 | 20260306160446.0 | ||
| 008 | 260306t2011||||xx |||||||||||||| ||spa|| | ||
| 041 | _aESP | ||
| 082 |
_a338.5 _bN54 2011 |
||
| 100 |
_aNicholson, Walter _eAUT |
||
| 245 | 0 |
_aTeoría microeconómica: _bprincipios básicos y ampliaciones |
|
| 260 | _c2011 | ||
| 300 |
_axvi, 671 páginas : _c26 cm. |
||
| 650 | _aGEN | ||
| 654 | _aCAN | ||
| 942 |
_cLIB _dJUS _fJUS _2ddc _n |
||
| 999 |
_c7310 _d7310 |
||